[Event "Schwarzach op-B 26th"]
[Site "Schwarzach"]
[Date "2011.08.28"]
[Round "9.4"]
[White "Ciolek, Florian"]
[Black "Welde, Kevin"]
[Result "1/2-1/2"]
[WhiteElo "1942"]
[BlackElo "2002"]
[PlyCount "59"]
[EventDate "2011.08.20"]
[EventType "swiss"]
[EventRounds "9"]
[EventCountry "AUT"]
[SourceTitle "EXT 2024"]
[Source "ChessBase"]
[SourceDate "2023.10.10"]
[SourceVersion "1"]
[SourceVersionDate "2023.10.10"]
[SourceQuality "1"]

1. e4 c5 2. Nf3 a6 3. c3 d5 4. exd5 Qxd5 5. d4 Nc6 6. Be2 cxd4 7. cxd4 Nf6 8. Nc3 Qa5 9. 0-0 e6 10. Bf4 Bb4 11. Qc2 0-0 12. Rfd1 Ne7 13. Ne5 Ned5 14. Bd2 Qc7 15. Rac1 Bd6 16. Qd3 Nxc3 17. Bxc3 Nd5 18. Bd2 Qe7 19. Qf3 f6 20. Ng4 Bd7 21. Bd3 Rfc8 22. Ne3 Nxe3 23. fxe3 Rxc1 24. Rxc1 Bc6 25. Be4 Bxe4 26. Qxe4 Rd8 27. Ba5 Re8 28. Qd3 Qd7 29. Qc4 Qf7 30. Qe2 1/2-1/2

[Event "Schwarzach op-B 26th"]
[Site "Schwarzach"]
[Date "2011.08.23"]
[Round "4.1"]
[White "Welde, Kevin"]
[Black "Dauer, Maximilian"]
[Result "0-1"]
[WhiteElo "2002"]
[BlackElo "1913"]
[PlyCount "66"]
[EventDate "2011.08.20"]
[EventType "swiss"]
[EventRounds "9"]
[EventCountry "AUT"]
[SourceTitle "EXT 2024"]
[Source "ChessBase"]
[SourceDate "2023.10.10"]
[SourceVersion "1"]
[SourceVersionDate "2023.10.10"]
[SourceQuality "1"]

1. c4 e5 2. Nc3 Nc6 3. g3 g6 4. Bg2 Bg7 5. e3 f5 6. Nge2 Nf6 7. d4 d6 8. 0-0 0-0 9. a3 g5 10. b4 e4 11. Qb3 Kh8 12. a4 Qe8 13. f4 h6 14. d5 Ne7 15. Bb2 Qh5 16. h3 Ng6 17. Qd1 gxf4 18. Nxf4 Nxf4 19. gxf4 Qg6 20. Ne2 Rg8 21. Qe1 Nxd5 22. Nd4 Bf6 23. Rf2 Nb6 24. Qc1 Bd7 25. a5 Na4 26. Rxa4 Bxa4 27. b5 c5 28. Ne2 a6 29. Qa1 Bxb2 30. Qxb2+ Qg7 31. Nc3 axb5 32. cxb5 Rxa5 33. Nxa4 Rxa4 0-1

[Event "Thueringen-ch"]
[Site "Finsterbergen"]
[Date "2008.03.23"]
[Round "7"]
[White "Welde, Kevin"]
[Black "Roessner, Uwe"]
[Result "1/2-1/2"]
[WhiteElo "1842"]
[BlackElo "1962"]
[PlyCount "55"]
[EventDate "2008.03.19"]
[EventType "swiss"]
[EventRounds "9"]
[EventCountry "GER"]
[SourceTitle "CBM 123 Extra"]
[Source "ChessBase"]
[SourceDate "2008.05.06"]
[SourceVersion "1"]
[SourceVersionDate "2008.05.06"]
[SourceQuality "1"]

1. d4 d6 2. e4 Nf6 3. Nc3 e5 4. dxe5 dxe5 5. Qxd8+ Kxd8 6. Bg5 Be6 7. Nf3 Nbd7 8. 0-0-0 h6 9. Bh4 Bd6 10. Bb5 g5 11. Bg3 Ke7 12. Rd2 c6 13. Rhd1 Bc7 14. Bd3 Rhb8 15. Re2 b5 16. Kd2 a5 17. b3 Bd6 18. Nb1 a4 19. Ke1 axb3 20. axb3 Nh5 21. Kf1 f6 22. c4 Nf4 23. Bxf4 gxf4 24. Nh4 Nc5 25. Bc2 bxc4 26. b4 Nb3 27. Ng6+ Kd7 28. Bxb3 1/2-1/2

[Event "Thueringen-ch"]
[Site "Finsterbergen"]
[Date "2008.03.22"]
[Round "6"]
[White "Seidel, Thomas"]
[Black "Welde, Kevin"]
[Result "0-1"]
[WhiteElo "2041"]
[BlackElo "1842"]
[PlyCount "64"]
[EventDate "2008.03.19"]
[EventType "swiss"]
[EventRounds "9"]
[EventCountry "GER"]
[SourceTitle "CBM 123 Extra"]
[Source "ChessBase"]
[SourceDate "2008.05.06"]
[SourceVersion "1"]
[SourceVersionDate "2008.05.06"]
[SourceQuality "1"]

1. d4 Nf6 2. c4 e6 3. Nf3 b6 4. e3 Bb7 5. Bd3 d5 6. 0-0 Be7 7. b3 0-0 8. Bb2 Nbd7 9. Ne5 dxc4 10. bxc4 c5 11. Nxd7 Nxd7 12. Nd2 cxd4 13. exd4 Ne5 14. Bxh7+ Kxh7 15. dxe5 Rc8 16. Rc1 Ba6 17. Qh5+ Kg8 18. Ne4 Qd3 19. Rfe1 Rxc4 20. Rxc4 Bxc4 21. h4 Bd5 22. Nf6+ gxf6 23. Re3 Qh7 24. Rg3+ Kh8 25. exf6 Bd6 26. Qxh7+ Kxh7 27. Rg7+ Kh8 28. Rg5 Be4 29. Rh5+ Bh7 30. g4 Rc8 31. g5 Rc2 32. g6 fxg6 0-1